ՀՀ Գիտությունների ազգային ակադեմիայի հիմնարար գիտական գրադարան  =   Fundamental Scientific Library of NAS RA

Из западноармянской поэзии : (Record no. 384545)

MARC details
000 -LEADER
fixed length control field 01025nam a2200217 a 4500
001 - CONTROL NUMBER
control field 000092240
003 - CONTROL NUMBER IDENTIFIER
control field AM-YeHGA
005 - DATE AND TIME OF LATEST TRANSACTION
control field 20250618074656.0
008 - FIXED-LENGTH DATA ELEMENTS--GENERAL INFORMATION
fixed length control field 971223s1979 ||||||||||||||||||||rus d
040 ## - CATALOGING SOURCE
Original cataloging agency AM-YeHGA
041 0# - LANGUAGE CODE
Language code of text/sound track or separate title rus
090 ## - LOCALLY ASSIGNED LC-TYPE CALL NUMBER (OCLC); LOCAL CALL NUMBER (RLIN)
-- 386513
245 00 - TITLE STATEMENT
Title Из западноармянской поэзии :
Remainder of title [Сборник] /
Statement of responsibility, etc. Пер. с арм. А. Тер-Акопян ; Оформл. Г. Ханджяна.
260 ## - PUBLICATION, DISTRIBUTION, ETC.
Place of publication, distribution, etc. Ереван :
Name of publisher, distributor, etc. Советакан грох,
Date of publication, distribution, etc. 1979.
300 ## - PHYSICAL DESCRIPTION
Extent 111 стр. :
Other physical details илл. ;
Dimensions 20 см.
550 ## - ISSUING BODY NOTE
Issuing body note Авт.: П. Дурян, М. Мецаренц, Д. Варужан, Сиаманто, Р. Севак, В. Тэкеян
650 14 - SUBJECT ADDED ENTRY--TOPICAL TERM
Topical term or geographic name entry element Армянская литература
General subdivision Поэзия
650 14 - SUBJECT ADDED ENTRY--TOPICAL TERM
Topical term or geographic name entry element Западноармянская литература
General subdivision Поэзия
700 1# - ADDED ENTRY--PERSONAL NAME
Personal name Տեր-Հակոբյան, Ալլա Կոնստանտինի,
Dates associated with a name 1940-
Relator term пер.
Relationship trl
9 (RLIN) 2829
700 1# - ADDED ENTRY--PERSONAL NAME
Personal name Խանջյան, Գրիգոր Սեպուհի,
Dates associated with a name 1926-2000
Relator term оформ.
Relationship bkd
9 (RLIN) 1078
Holdings
Withdrawn status Lost status Source of classification or shelving scheme Damaged status Not for loan Collection Home library Current library Date acquired Total checkouts Full call number Barcode Date last seen Price effective from Koha item type Public note
    Universal Decimal Classification     General Fundamental Scientific Library Fundamental Scientific Library 21/06/2017   PII/433214 FL0450156 21/06/2017 21/06/2017 Գրքեր / Books 30 Days Loan
    Universal Decimal Classification     General Fundamental Scientific Library Fundamental Scientific Library 27/07/2017   PII/436751 FL0456002 27/07/2017 27/07/2017 Գրքեր / Books 30 Days Loan
    Universal Decimal Classification     General Fundamental Scientific Library Fundamental Scientific Library 27/07/2017   PII/436750 FL0456399 27/07/2017 27/07/2017 Գրքեր / Books 30 Days Loan
    Universal Decimal Classification     General Fundamental Scientific Library Fundamental Scientific Library 27/07/2017   PII/436749 FL0456398 27/07/2017 27/07/2017 Գրքեր / Books 30 Days Loan


ՀՀ ԳԱԱ հիմնարար գիտական գրադարան
ՀՀ,Երևան 0019
Մարշալ Բաղրամյան 24/6
հեռախոս:(374-10) 52-47-50
Հետադարձ կապ

All site content, except where otherwise noted, is licensed under a
Creative Commons License